Music Quiz

Random Music or Song Quiz
Score 0/15 Timer 02:00
0 Plays Today
% Correct
Some
92.2%
Lot
92.2%
Piece
91.6%
Twist
91%
Endless
91%
Many
85.6%
Bunch
85.5%
Stack
84.1%
% Correct
Mass
82.9%
Hunk
82.1%
Much
79.6%
Drops
73.1%
Masses
73%
Millions
61.7%
Army
35.2%
Remove Ads.
Support Sporcle.
Get the best of Sporcle when you Go Orange. This ad-free experience offers more features, more stats, and more fun while also helping to support Sporcle. Thank you for becoming a member.

You're not logged in!

Compare scores with friends on all Sporcle quizzes.
OR
Log In

Show Comments

Extras

Top Quizzes Today


Score Distribution

Your Account Isn't Verified!

In order to create a playlist on Sporcle, you need to verify the email address you used during registration. Go to your Sporcle Settings to finish the process.

Report this User

Report this user for behavior that violates our Community Guidelines.

Details: